Les 30 plus longs fleuves du monde - Statistiques

Statistiques générales
  • Ce quiz a été pris 14 584 fois
  • Le résultat moyen est 9 sur 30
Statistiques - réponses
Continent km Fleuve % Correct
Afrique 6 650 Nil
94%
Amérique du Sud 6 400 Amazone
86%
Europe 2 888 Danube
78%
Amérique du Nord 6 275 Mississippi
73%
Europe 3 645 Volga
54%
Asie 3 969 Brahmapoutre / Gange
49%
Asie 3 596 Chatt-el-Arab
47%
Afrique 4 700 Congo
45%
Asie 4 350 Mékong
38%
Asie 4 444 Amour
37%
Asie 5 464 Jaune
37%
Afrique 4 200 Niger
37%
Asie 6 300 Yangtsé
37%
Amérique du Nord 3 057 Rio Grande
30%
Amérique du Nord 3 058 Saint Laurent
25%
Afrique 2 740 Zambèze
25%
Asie 3 610 Indus
21%
Asie 5 410 Ob
21%
Asie 4 400 Léna
18%
Amérique du Sud 4 880 Paraná
16%
Asie 5 539 Ienisseï
14%
Amérique du Nord 3 185 Yukon
14%
Amérique du Nord 4 241 Mackenzie
10%
Océanie 3 672 Murray
9%
Asie 2 620 Amou-Daria
6%
Asie 3 078 Syr-Daria
6%
Asie 2 809 Irrawaddy
4%
Asie 3 060 Salouen
4%
Amérique du Sud 3 180 São Francisco
4%
Amérique du Sud 3 650 Tocantins
4%
Aucun quiz correspondant
Distribution des résultats
% des personnes avec chaque résultat
Percentile par nombre de réponses
Votre historique - résultats
Vous n’avez pas pris ce quiz